000 00460nam a2200181Ia 4500
008 090124s9999 xx 000 0 und d
082 _b22103
100 _aCHATERJEE SAVITRI
245 _aTALES FROM INDIAN CLASSICS
250 _a0
260 _bCHILDREN'S BOOK
_c1971
300 _a58
600 _aCHATERJEE SAVITRI
630 _aTALES FROM INDIAN CLASSICS
700 _aCHATERJEE SAVITRI
730 _aTALES FROM INDIAN CLASSICS
942 _cBOOK
999 _c96850
_d96850